000 00578nam a22002057a 4500
003 OSt
005 20160511130314.0
008 160511b xxu||||| |||| 00| 0 eng d
020 _a0306451417
040 _cDDC.
082 _a574.19CYT 1999.
100 _aOrtiz de Montellano,R.Paul;
_98705
245 _aCytochrome P450.
_bStructure,Mechanism and Biochemistry.
250 _a2nd ed.
260 _aNew York.
_bKluwer Academic/Plenum Publisher.
_c1999.
300 _axii,652p;
_bill;
_c24cm.
504 _aincludes index.
650 _aBiochemistry.
_9443
942 _2ddc
_cSLOAN
999 _c3979
_d3979